000 00555cam a22001577a 4500
008 180718b2002 xxu||||| |||| 00| 0 eng d
082 _aA99 Am16/G111
245 _aRags to riches: life and times of Dhirajlal Hirachand Ambani
_cedited by Daljit Kaur Daba, Soma Kolay and Arti Agnihotri
260 _aDelhi
_bXact
_c2002
300 _a148p.
650 _aAmbani, Dhirajlal Hirachand - Criticism and interpretation
650 _aAmbani, Dhirajlal Harchand - Biography
700 _aAgnihotri, Arti
700 _aKolay, Soma
700 _aGaba, Daljit Kaur
999 _c399879
_d399879